| 000 | 00359cam a22001337a 4500 | ||
|---|---|---|---|
| 008 | 180718b1920 xxu||||| |||| 00| 0 eng d | ||
| 082 | _aA99 B728 R547 | ||
| 100 | _aRobertson, J.M. | ||
| 245 |
_aCharles Bradlaugh _cby J.M. Robertson |
||
| 260 |
_aLondon _bWatts _c1920 |
||
| 300 | _a122p. | ||
| 500 | _aPhotostae Copy | ||
| 650 | _aBradlaugh, Charles, 1833-1891 | ||
| 999 |
_c477431 _d477431 |
||